| 000 | 00359nam a2200145Ia 4500 | ||
|---|---|---|---|
| 008 | 230917s9999||||xx |||||||||||||| ||und|| | ||
| 040 |
_e202695 _aMAIN |
||
| 041 | _aEnglish | ||
| 082 | _a620.105 B676A | ||
| 100 | _aBower, Allan F | ||
| 245 | 0 | _aApplied mechanics of solids | |
| 260 |
_aBoca Raton _bCRC Press _c2012 |
||
| 300 | _axxv, 794 p. | ||
| 942 | _cBK | ||
| 999 |
_c157974 _d157974 |
||